Cuentatrapos / (Registro nro. 11722)

Detalles MARC
000 -LIDER
fixed length control field 00920nam a22003137a 4500
001 - NÚMERO DE CONTROL
Identificador de número de control 000619
003 - IDENTIFICACDOR DE NÚMERO DE CONTROL
control field DO-SdBNP
005 - DATE AND TIME OF LATEST TRANSACTION
control field 20180126090405.0
007 - CAMPOS FIJOS DE DESCRIPCIÓN FÍSICA
fixed length control field 000619
008 - ELEMENTOS DE LONGITUD FIJA
fixed length control field 161028b 1987 sp ||||| |||| 00| 0 spa d
020 ## - ISBN
International Standard Book Number 8434816067
040 ## - FUENTE DE CATALOGACIÓN
Agencia que crea de manera original el registro BPMSU
Idioma de catalogación spa
Agencia que realiza la transcripción BPMSU
100 1# - ASIENTO PRINCIPAL -- NOMBRE PERSONAL
Nombre personal Carvajal, Victor,
Fechas asociadas con el nombre 1944-
245 10 - MENCIÓN DE TITULO
Título Cuentatrapos /
Mención de responsabilidad Víctor Carvajal ; ilustraciones y cubierta Fuencisla del Amo.
250 ## - MENCIÓN DE EDICION
Mención de edición 4a ed.
260 ## - PUBLICACIÓN, DISTRIBUCIÓN, ETC. (PIE DE IMPRENTA)
Lugar de publicación, distribución, etc Madrid :
Nombre del editor, distribuidor, etc. SM,
Fecha de publicación, distribución, etc 1987.
300 ## - DESCRIPCIÓN FÍSICA
Extensión 109 p. :
Otros detalles físicos il. ;
Dimensiones 19 cm.
490 1# - MENCIÓN DE SERIES
Mención de serie El barco de vapor
Volume/sequential designation 88
490 1# - MENCIÓN DE SERIES
Mención de serie Roja
500 ## - NOTA GENERAL
Nota general Apartir de 12 años
586 ## - AWARDS NOTE
Awards note Premio El Barco de Vapor
586 ## - AWARDS NOTE
Awards note Primer premio Barco de Vapor 1984.
700 1# - ASIENTO SECUNDARIO -- NOMBRE PERSONAL
Nombre personal Amo, Fuencisla del,
Mención de responsabilidad il.
830 #0 - ASIENTO SECUNDARIO DE SERIE--TÍTULO UNIFORME
Título uniforme El barco de vapor ;
Volume number/sequential designation 88
830 #0 - ASIENTO SECUNDARIO DE SERIE--TÍTULO UNIFORME
Título uniforme Roja
942 ## - ADDED ENTRY ELEMENTS (KOHA)
Source of classification or shelving scheme Dewey Decimal Classification
Koha item type Libros
945 ## - INFORMACIÓN DE PROCESAMIENTO LOCAL
Información de procesamiento local Inventariado, 2018/MFF
956 ## - LOCAL ELECTRONIC LOCATION AND ACCESS (OCLC)
Método de acceso Lorenza Pérez
Materiales especificados 10
Enlace 20161028
Campo enlazado y núm. de secuencia BPMSU
Nombre de host 00041
Existencias
Withdrawn status Lost status Source of classification or shelving scheme Damaged status Not for loan Collection code Home library Current library Date acquired Source of acquisition Total Checkouts Barcode Date last seen Price effective from Koha item type
    Dewey Decimal Classification     Colección General Biblioteca Pública Metropolitana Salomé Ureña Biblioteca Pública Metropolitana Salomé Ureña 10/28/2016 FUNDI   BPMSU16100430 10/28/2016 10/28/2016 Libros